[Event "Groningen Chess Festival 2007"]
[Site "Groningen NED"]
[Date "2007.12.22"]
[Round "2.5"]
[White "Ernst, Sipke"]
[Black "Geurink, Jasper"]
[Result "1-0"]
[WhiteElo "2539"]
[BlackElo "2339"]
[PlyCount "129"]
[EventDate "2007.12.21"]
[EventType "swiss"]
[EventRounds "9"]
[EventCountry "NED"]
[Source "lmi"]
[SourceDate "2007.12.21"]

1. d4 g6 2. e4 Bg7 3. c4 Nf6 4. Nc3 d6 5. Nf3 O-O 6. Be2 Na6 7. Bf4 Nh5 8. Bg5
f6 9. Be3 e5 10. c5 Nf4 11. Bxf4 exf4 12. cxd6 cxd6 13. O-O Nc7 14. Rc1 Be6 15.
Qd2 Bh6 16. d5 Bd7 17. Nd4 Qe7 18. Bf3 Rf7 19. Nce2 Nb5 20. Qb4 Qe8 21. Nxb5
Bxb5 22. Rfe1 Bxe2 23. Rxe2 Qe5 24. Rec2 Raf8 25. h3 Bg7 26. Rc7 b6 27. R7c2 h5
28. Rc6 Rd8 29. R1c2 Bf8 30. Rc7 Rdd7 31. Rc8 Kg7 32. Qa4 Rde7 33. Qa3 Kh6 34.
Qc3 Rd7 35. Qd2 Kh7 36. a4 Bg7 37. Qb4 Rfe7 38. R8c4 Kh6 39. Qd2 Kh7 40. Qd3
Rb7 41. Rc8 Rbd7 42. Kh2 Rf7 43. Qd2 Rfe7 44. Qb4 Kh6 45. Qb5 Qd4 46. R8c4 Qe5
47. Qb4 Kh7 48. Rc8 Kh6 49. R2c6 Rf7 50. Qc3 Qe7 51. Rc4 Qe5 52. Qxe5 dxe5 53.
R4c6 Bf8 54. Kg1 Bc5 55. Kf1 Kg7 56. Be2 Rf8 57. Ba6 Rff7 58. Re8 Rfe7 59.
Rxe7+ Bxe7 60. Bc8 Rd8 61. Rc7 Kf8 62. Be6 a5 63. Rb7 Rd6 64. Ke2 Ke8 65. Kd3
1-0

[Event "Groningen Chess Festival 2007"]
[Site "Groningen NED"]
[Date "2007.12.22"]
[Round "2.7"]
[White "Michielsen, Joost"]
[Black "Adly, Ahmed"]
[Result "1/2-1/2"]
[WhiteElo "2309"]
[BlackElo "2494"]
[PlyCount "58"]
[EventDate "2007.12.21"]
[EventType "swiss"]
[EventRounds "9"]
[EventCountry "NED"]
[Source "lmi"]
[SourceDate "2007.12.21"]

1. e4 c5 2. Nf3 d6 3. d4 Nf6 4. Nc3 cxd4 5. Nxd4 a6 6. Be3 Ng4 7. Bg5 h6 8. Bh4
g5 9. Bg3 Bg7 10. h3 Ne5 11. Nf5 Bxf5 12. exf5 Nbc6 13. Nd5 e6 14. fxe6 fxe6
15. Ne3 O-O 16. Be2 d5 17. O-O Ng6 18. Re1 Nf4 19. c3 d4 20. cxd4 Nxd4 21. Bg4
Nd3 22. Rf1 Nxb2 23. Qb1 b5 24. Qe4 Qf6 25. Rac1 Rad8 26. Rc7 Nd3 27. Qb7 Nf4
28. Bxf4 gxf4 29. Nc2 Nxc2 1/2-1/2

[Event "Groningen Chess Festival 2007"]
[Site "Groningen NED"]
[Date "2007.12.22"]
[Round "2.8"]
[White "Van Kampen, Robin Oscar"]
[Black "Brandenburg, Daan"]
[Result "0-1"]
[WhiteElo "2252"]
[BlackElo "2483"]
[PlyCount "84"]
[EventDate "2007.12.21"]
[EventType "swiss"]
[EventRounds "9"]
[EventCountry "NED"]
[Source "lmi"]
[SourceDate "2007.12.21"]

1. e4 c5 2. Nf3 e6 3. d4 cxd4 4. Nxd4 Nf6 5. Nc3 d6 6. Be3 Be7 7. g4 h6 8. h4
Nc6 9. Rg1 d5 10. Bb5 Bd7 11. exd5 Nxd5 12. Nxd5 exd5 13. Qf3 Bxh4 14. Qxd5
Nxd4 15. Qxd7+ Qxd7 16. Bxd7+ Kxd7 17. O-O-O Kc6 18. Rxd4 b6 19. c4 Rhe8 20.
Rgd1 Rad8 21. b4 Rxd4 22. Rxd4 Bf6 23. Rf4 Re7 24. Kd2 Be5 25. Re4 Bc3+ 26. Kd3
Bxb4 27. Rxe7 Bxe7 28. f3 Bc5 29. Bf4 Bf2 30. Be5 g6 31. Ke2 Bh4 32. Bf4 h5 33.
Kd3 Be7 34. gxh5 gxh5 35. Ke4 Kc5 36. Be3+ Kxc4 37. f4 Bc5 38. Bd2 h4 39. Kf3
f5 40. Be1 Be7 41. Kg2 a5 42. Kh3 a4 0-1

[Event "Groningen Chess Festival 2007"]
[Site "Groningen NED"]
[Date "2007.12.22"]
[Round "2.9"]
[White "Hoffmann, Michael"]
[Black "Ringoir, Tanguy"]
[Result "1/2-1/2"]
[WhiteElo "2471"]
[BlackElo "2236"]
[PlyCount "68"]
[EventDate "2007.12.21"]
[EventType "swiss"]
[EventRounds "9"]
[EventCountry "NED"]
[Source "lmi"]
[SourceDate "2007.12.21"]

1. d4 Nf6 2. c4 c5 3. d5 e6 4. Nc3 exd5 5. cxd5 d6 6. e4 g6 7. h3 Bg7 8. Nf3
O-O 9. Bd3 b5 10. Bxb5 Nxe4 11. Nxe4 Qa5+ 12. Nfd2 Qxb5 13. Nxd6 Qa6 14. N2c4
Nd7 15. O-O Nb6 16. Nxb6 Qxb6 17. Nxc8 Raxc8 18. Rb1 Rfd8 19. Bf4 Qb7 20. d6
Bf8 21. Qd3 Bxd6 22. Bxd6 Rc6 23. Rfd1 Rcxd6 24. Qxd6 Rxd6 25. Rxd6 c4 26. Rd2
c3 27. Rc2 Qe4 28. Rbc1 cxb2 29. Rxb2 h5 30. Rbc2 Qa4 31. g3 h4 32. g4 Kg7 33.
Kg2 Qe4+ 34. Kg1 Qa4 1/2-1/2

[Event "Groningen Chess Festival 2007"]
[Site "Groningen NED"]
[Date "2007.12.22"]
[Round "2.10"]
[White "Heemskerk, Wim"]
[Black "Simutowe, Amon"]
[Result "1-0"]
[WhiteElo "2230"]
[BlackElo "2446"]
[PlyCount "24"]
[EventDate "2007.12.21"]
[EventType "swiss"]
[EventRounds "9"]
[EventCountry "NED"]
[Source "lmi"]
[SourceDate "2007.12.21"]

1. Nf3 Nf6 2. g3 d5 3. Bg2 Nbd7 4. d4 e6 5. O-O b5 6. b3 Bb7 7. c4 dxc4 8. bxc4
bxc4 9. Qa4 c5 10. Nc3 cxd4 11. Nxd4 Bxg2 12. Kxg2 Bc5 1-0

[Event "Groningen Chess Festival 2007"]
[Site "Groningen NED"]
[Date "2007.12.22"]
[Round "2.11"]
[White "Lobzhanidze, Davit"]
[Black "Otte, Marijn"]
[Result "1-0"]
[WhiteElo "2489"]
[BlackElo "2155"]
[PlyCount "55"]
[EventDate "2007.12.21"]
[EventType "swiss"]
[EventRounds "9"]
[EventCountry "NED"]
[Source "lmi"]
[SourceDate "2007.12.21"]

1. e4 c5 2. Nf3 d6 3. d4 cxd4 4. Nxd4 Nf6 5. Nc3 a6 6. Be3 e6 7. Be2 Be7 8. f4
Qc7 9. O-O Nc6 10. Kh1 O-O 11. Qe1 Re8 12. Qg3 Nd7 13. f5 Nxd4 14. Bxd4 Ne5 15.
f6 Bf8 16. Bxe5 dxe5 17. Bh5 g6 18. Bxg6 hxg6 19. Qh4 Qd8 20. Rad1 Bd7 21. Rd3
Bg7 22. Rh3 Bxf6 23. Rxf6 Kg7 24. Rxg6+ fxg6 25. Qh7+ Kf6 26. Rf3+ Kg5 27. Rg3+
Kf6 28. Rxg6# 1-0

[Event "Groningen Chess Festival 2007"]
[Site "Groningen NED"]
[Date "2007.12.22"]
[Round "2.15"]
[White "Reinderman, Dimitri"]
[Black "Pham, Toan Thanh"]
[Result "1-0"]
[WhiteElo "2510"]
[BlackElo "2100"]
[PlyCount "75"]
[EventDate "2007.12.21"]
[EventType "swiss"]
[EventRounds "9"]
[EventCountry "NED"]
[Source "lmi"]
[SourceDate "2007.12.21"]

1. c4 c5 2. Nf3 Nc6 3. d4 cxd4 4. Nxd4 g6 5. e4 Bg7 6. Be3 Nf6 7. Nc3 O-O 8.
Be2 d6 9. O-O Bd7 10. Nc2 a5 11. f3 Bc8 12. Qd2 Nd7 13. Rfd1 Nc5 14. Na3 b6 15.
Nd5 Bb7 16. Rac1 Rb8 17. Nb5 Ba6 18. b3 Rb7 19. Bg5 Bxb5 20. cxb5 Nd4 21. Bc4
Nde6 22. Bh4 h6 23. Bf2 Nc7 24. Nc3 Qb8 25. Qe2 Rd8 26. f4 Re8 27. f5 g5 28. h4
Rf8 29. hxg5 hxg5 30. Qh5 Nd7 31. Qxg5 Ne5 32. Bd4 Ne8 33. Bxe5 dxe5 34. Rd3
Qc8 35. Rcd1 e6 36. Kh1 Nf6 37. Rg3 Ne8 38. f6 1-0

[Event "Groningen Chess Festival 2007"]
[Site "Groningen NED"]
[Date "2007.12.22"]
[Round "2.17"]
[White "Skatchkov, Pavel"]
[Black "Kleijn, Christov"]
[Result "1/2-1/2"]
[WhiteElo "2509"]
[BlackElo "2210"]
[PlyCount "106"]
[EventDate "2007.12.21"]
[EventType "swiss"]
[EventRounds "9"]
[EventCountry "NED"]
[Source "lmi"]
[SourceDate "2007.12.21"]

1. d4 Nf6 2. Nf3 g6 3. g3 Bg7 4. Bg2 O-O 5. O-O d6 6. Re1 Nbd7 7. d5 e5 8. dxe6
fxe6 9. Nc3 Rb8 10. h3 e5 11. Bg5 Nc5 12. Be3 b6 13. Ng5 Ne6 14. Nb5 d5 15.
Nxa7 Qd7 16. Nxc8 Rbxc8 17. c3 e4 18. Nxe6 Qxe6 19. a4 Nd7 20. a5 b5 21. f4 c5
22. Qb3 Qc6 23. h4 Nb8 24. Red1 Rcd8 25. Qa2 c4 26. a6 Nd7 27. a7 Nc5 28. Qa3
Na4 29. Rd2 Rfe8 30. Rad1 Bf8 31. Qa1 Bc5 32. Bxc5 Nxc5 33. Qa3 Nb3 34. Rc2 Ra8
35. e3 Qb6 36. Rxd5 Qxe3+ 37. Kh2 Qxa7 38. Qxa7 Rxa7 39. Re2 e3 40. Re5 Rxe5
41. fxe5 Ra2 42. Rxe3 Kf8 43. Re2 Nc1 44. Rf2+ Ke7 45. Bd5 Nd3 46. Rf7+ Ke8 47.
e6 Rxb2+ 48. Kh3 Nf2+ 49. Kg2 Ng4+ 50. Kh3 Nf2+ 51. Kg2 Ng4+ 52. Kh3 Nf2+ 53.
Kg2 Ng4+ 1/2-1/2

[Event "Groningen Chess Festival 2007"]
[Site "Groningen NED"]
[Date "2007.12.22"]
[Round "2.18"]
[White "Van Oosterom, Chiel"]
[Black "Hovenga, Alje"]
[Result "1-0"]
[WhiteElo "2401"]
[BlackElo "2186"]
[PlyCount "151"]
[EventDate "2007.12.21"]
[EventType "swiss"]
[EventRounds "9"]
[EventCountry "NED"]
[Source "lmi"]
[SourceDate "2007.12.21"]

1. e4 c6 2. d4 d5 3. exd5 cxd5 4. c4 Nf6 5. Nc3 e6 6. Nf3 Bb4 7. cxd5 Nxd5 8.
Bd2 Nc6 9. Bd3 O-O 10. O-O Nf6 11. a3 Be7 12. Be3 b6 13. Qe2 Bb7 14. Rad1 Nd5
15. Bb1 Bf6 16. Bc1 Nce7 17. Ne4 Ng6 18. Ne5 Rc8 19. Qh5 Rc7 20. Bg5 Bxg5 21.
Nxg5 Nf6 22. Qh3 Re8 23. Rfe1 Nf8 24. Ng4 Nxg4 25. Qxg4 h6 26. Nh3 Nd7 27. Qg3
Nf6 28. Nf4 Rd7 29. Qd3 Qc7 30. Qe3 Qd6 31. Bd3 Kf8 32. Bb5 Bc6 33. Bxc6 Qxc6
34. Nd3 Qb5 35. Ne5 Rc7 36. Rc1 Rce7 37. Qd2 Qd5 38. Qb4 Kg8 39. Rc3 Ne4 40.
Rce3 Nf6 41. Rc1 Rb7 42. Rec3 Qe4 43. Rc8 Rb8 44. Rxb8 Rxb8 45. Qe7 Rf8 46. Nf3
a5 47. h3 Nd5 48. Qb7 Qf5 49. Ne5 Nf4 50. Qf3 Qg5 51. Rc7 f6 52. Ng4 h5 53. Ne3
Rd8 54. h4 Qh6 55. g3 Nd5 56. Nxd5 Rxd5 57. Qe2 Rd6 58. d5 f5 59. dxe6 Rxe6 60.
Qf3 Rf6 61. Rc8+ Kh7 62. Qa8 Kg6 63. Rh8 Qc1+ 64. Kg2 Qc6+ 65. Qxc6 Rxc6 66.
Rb8 Kf6 67. Kf3 g6 68. Ke3 Ke5 69. Re8+ Kd5 70. Kf4 Rc4+ 71. Kg5 Rg4+ 72. Kf6
f4 73. Re5+ Kd4 74. Rg5 Rxg3 75. fxg3 f3 76. Kxg6 1-0

[Event "Groningen Chess Festival 2007"]
[Site "Groningen NED"]
[Date "2007.12.22"]
[Round "2.19"]
[White "Cako, Laszlo"]
[Black "Kodentsov, Grisja"]
[Result "1/2-1/2"]
[WhiteElo "2168"]
[BlackElo "2307"]
[PlyCount "64"]
[EventDate "2007.12.21"]
[EventType "swiss"]
[EventRounds "9"]
[EventCountry "NED"]
[Source "lmi"]
[SourceDate "2007.12.21"]

1. e4 c5 2. Nf3 d6 3. d4 cxd4 4. Nxd4 Nf6 5. Nc3 a6 6. Bc4 e6 7. Bb3 Nbd7 8.
O-O Nc5 9. Re1 Be7 10. Qf3 O-O 11. Qg3 Kh8 12. Bc4 Qc7 13. Bd3 b5 14. a3 Bb7
15. Bg5 Nh5 16. Qh4 Bxg5 17. Qxg5 Nf6 18. Re3 Nxd3 19. Rg3 Rg8 20. cxd3 Qc5 21.
Qe3 Rgd8 22. Rg5 e5 23. Nf5 Qxe3 24. fxe3 g6 25. Ne7 Rd7 26. Ned5 Bxd5 27. exd5
Rc8 28. Rf1 Kg7 29. Rg3 Nh5 30. Rg4 Nf6 31. Rb4 Rc5 32. e4 Ne8 1/2-1/2

[Event "Groningen Chess Festival 2007"]
[Site "Groningen NED"]
[Date "2007.12.22"]
[Round "2.20"]
[White "Kuipers, Stefan"]
[Black "Vinke, Andreas"]
[Result "1/2-1/2"]
[WhiteElo "2283"]
[BlackElo "2173"]
[PlyCount "72"]
[EventDate "2007.12.21"]
[EventType "swiss"]
[EventRounds "9"]
[EventCountry "NED"]
[Source "lmi"]
[SourceDate "2007.12.21"]

1. e4 e6 2. d4 d5 3. Nc3 Bb4 4. Bd3 b6 5. a3 Bxc3+ 6. bxc3 Bb7 7. e5 Ne7 8. Qg4
Kf8 9. h4 Ba6 10. Bxa6 Nxa6 11. Rh3 c5 12. h5 h6 13. Rf3 Kg8 14. Qf4 Qe8 15.
Ne2 Rc8 16. Kd1 Rc7 17. g4 Nb8 18. Ng3 cxd4 19. cxd4 Nbc6 20. g5 hxg5 21. Qg4
Nf5 22. Nxf5 exf5 23. Rxf5 Qe6 24. Rxg5 Qxg4+ 25. Rxg4 Rxh5 26. c4 Na5 27. Ke2
Rxc4 28. Be3 Rc6 29. Rag1 g6 30. Rg5 Rh4 31. e6 Rxe6 32. Rxd5 Nc4 33. Kd3 Nxe3
34. fxe3 Rh3 35. Re1 Kf8 36. Rd7 Re7 1/2-1/2

[Event "Groningen Chess Festival 2007"]
[Site "Groningen NED"]
[Date "2007.12.22"]
[Round "2.22"]
[White "Burg, Twan"]
[Black "Van den Berg, Harmen"]
[Result "0-1"]
[WhiteElo "2275"]
[BlackElo "2167"]
[PlyCount "90"]
[EventDate "2007.12.21"]
[EventType "swiss"]
[EventRounds "9"]
[EventCountry "NED"]
[Source "lmi"]
[SourceDate "2007.12.21"]

1. e4 c5 2. Nf3 e6 3. d4 cxd4 4. Nxd4 Nf6 5. Nc3 d6 6. Be2 a6 7. a4 Be7 8. Be3
O-O 9. O-O Qc7 10. f4 Nc6 11. Kh1 Re8 12. Bf3 Na5 13. g4 Nc4 14. Bc1 Nd7 15. g5
Bf8 16. Bg2 g6 17. b3 Na5 18. Bb2 Nc6 19. Qd2 Nc5 20. Rad1 Bd7 21. Qf2 Bg7 22.
Nde2 Nb4 23. Rd2 Rad8 24. Qh4 Bc6 25. Ng3 d5 26. exd5 exd5 27. f5 d4 28. Nd1
Bxg2+ 29. Rxg2 Qc6 30. Kg1 Ne4 31. Ba3 Nxc2 32. Be7 Rxe7 33. f6 Re5 34. fxg7 d3
35. Qf4 Qc5+ 36. Nf2 Nxg5 37. Kh1 Ne3 38. Nfe4 Nxg2 39. Nf6+ Kxg7 40. Nfh5+ Kf8
41. Qf6 Qd6 42. Qg7+ Ke7 43. Nf6 Ne3 44. Rf2 Qc6+ 45. Kg1 Nh3# 0-1

[Event "Groningen Chess Festival 2007"]
[Site "Groningen NED"]
[Date "2007.12.22"]
[Round "2.23"]
[White "Wielenga, Wiebe"]
[Black "Cooke, Eric"]
[Result "0-1"]
[WhiteElo "2118"]
[BlackElo "2253"]
[PlyCount "70"]
[EventDate "2007.12.21"]
[EventType "swiss"]
[EventRounds "9"]
[EventCountry "NED"]
[Source "lmi"]
[SourceDate "2007.12.21"]

1. e4 e6 2. d3 c5 3. Nf3 Nc6 4. g3 g6 5. Bg2 Bg7 6. O-O Nge7 7. c3 d5 8. Qe2
O-O 9. Re1 b6 10. e5 Ba6 11. Bf4 h6 12. h4 Rb8 13. Nbd2 Nf5 14. a3 b5 15. b4 d4
16. Nb3 dxc3 17. Nxc5 Ncd4 18. Nxd4 Nxd4 19. Qd1 g5 20. hxg5 hxg5 21. Qh5 gxf4
22. Be4 f5 23. exf6 Rxf6 24. Bh7+ Kf8 25. Nxa6 fxg3 26. Qc5+ Qe7 27. Nxb8 gxf2+
28. Kg2 fxe1=N+ 29. Rxe1 Qxc5 30. bxc5 Ke7 31. Be4 Bh6 32. c6 Kd6 33. Na6 Rf7
34. Nb4 c2 35. Na2 Nb3 0-1

[Event "Groningen Chess Festival 2007"]
[Site "Groningen NED"]
[Date "2007.12.22"]
[Round "2.25"]
[White "Balje, Jan"]
[Black "Kamali, Mehran"]
[Result "1-0"]
[WhiteElo "2222"]
[BlackElo "1988"]
[PlyCount "111"]
[EventDate "2007.12.21"]
[EventType "swiss"]
[EventRounds "9"]
[EventCountry "NED"]
[Source "lmi"]
[SourceDate "2007.12.21"]

1. d4 Nf6 2. c4 g6 3. Nc3 Bg7 4. e4 d6 5. Be2 O-O 6. Bg5 Na6 7. Qd2 e5 8. d5 c6
9. f3 cxd5 10. cxd5 Bd7 11. h4 Qb8 12. g4 Nc5 13. Nh3 b5 14. Nf2 Rc8 15. h5 b4
16. Ncd1 b3 17. a3 Na4 18. Rc1 Qb6 19. Be3 Qb7 20. Nc3 Nxc3 21. Rxc3 Rxc3 22.
Qxc3 Nxd5 23. exd5 e4 24. Bd4 Rc8 25. Bxg7 Rxc3 26. Bxc3 exf3 27. hxg6 fxg6 28.
Bxf3 Qb6 29. Kf1 Qe3 30. Kg2 h5 31. Ne4 Bxg4 32. Nf6+ Kf7 33. Nxg4 hxg4 34. Rf1
Kg8 35. Bxg4 Qg5 36. Kg3 Qxd5 37. Rf6 Qd3+ 38. Kh4 Qe4 39. Kg5 Kh7 40. Rf7+ Kg8
41. Rg7+ Kf8 42. Rxg6 Qe3+ 43. Kh5 Qc5+ 44. Rg5 Qc6 45. Bf5 Qe8+ 46. Kh6 Qf7
47. Rg6 Qxf5 48. Rf6+ Qxf6+ 49. Bxf6 Kf7 50. Kg5 Ke6 51. Bc3 a6 52. Kf4 Kd5 53.
Ke3 Kc4 54. Bg7 a5 55. Bh8 d5 56. Bg7 1-0

[Event "Groningen Chess Festival 2007"]
[Site "Groningen NED"]
[Date "2007.12.23"]
[Round "3.2"]
[White "Brandenburg, Daan"]
[Black "Ernst, Sipke"]
[Result "1/2-1/2"]
[PlyCount "60"]
[EventDate "2007.12.21"]
[EventType "swiss"]
[EventRounds "9"]
[EventCountry "NED"]
[Source "lmi"]
[SourceDate "2007.12.21"]
[WhiteElo "2483"]
[BlackElo "2539"]

1. e4 e5 2. Nf3 Nc6 3. d4 exd4 4. Nxd4 Bc5 5. Nxc6 Qf6 6. Qf3 bxc6 7. Nd2 d6 8.
Bd3 Qxf3 9. Nxf3 Ne7 10. O-O O-O 11. Re1 Ng6 12. Be3 Bxe3 13. Rxe3 Re8 14. Rae1
Bg4 15. Nd2 Rab8 16. b3 Bd7 17. g3 Ne5 18. f4 Nxd3 19. Rxd3 f6 20. Kf2 Re7 21.
Rde3 Kf7 22. Nc4 Be6 23. Nb2 Rbe8 24. c4 c5 25. e5 fxe5 26. fxe5 Bf5 27. Na4
Bd7 28. Nc3 Bc6 29. exd6 cxd6 30. Rxe7+ Rxe7 1/2-1/2

[Event "Groningen Chess Festival 2007"]
[Site "Groningen NED"]
[Date "2007.12.23"]
[Round "3.3"]
[White "Halkias, Stelios"]
[Black "Heemskerk, Wim"]
[Result "1-0"]
[PlyCount "61"]
[EventDate "2007.12.21"]
[EventType "swiss"]
[EventRounds "9"]
[EventCountry "NED"]
[Source "lmi"]
[SourceDate "2007.12.21"]
[WhiteElo "2589"]
[BlackElo "2230"]

1. Nf3 Nf6 2. c4 e6 3. d4 d5 4. Nc3 Be7 5. Bg5 h6 6. Bxf6 Bxf6 7. e3 O-O 8. Rc1
c6 9. Bd3 Nd7 10. O-O dxc4 11. Bxc4 e5 12. h3 exd4 13. exd4 Nb6 14. Bb3 Re8 15.
Re1 Bf5 16. g4 Rxe1+ 17. Qxe1 Bd3 18. Ne5 Bxe5 19. dxe5 c5 20. Qe3 c4 21. Bd1
Qe7 22. f4 f6 23. e6 f5 24. Bf3 Rd8 25. Re1 Bc2 26. Bg2 Kh8 27. g5 hxg5 28.
fxg5 Rd6 29. Qe2 Be4 30. Nxe4 fxe4 31. Qh5+ 1-0

[Event "Groningen Chess Festival 2007"]
[Site "Groningen NED"]
[Date "2007.12.23"]
[Round "3.5"]
[White "Nijboer, Friso"]
[Black "Van Ketel, Raoul"]
[Result "1-0"]
[PlyCount "74"]
[EventDate "2007.12.21"]
[EventType "swiss"]
[EventRounds "9"]
[EventCountry "NED"]
[Source "lmi"]
[SourceDate "2007.12.21"]
[WhiteElo "2559"]
[BlackElo "2336"]

1. e4 e6 2. d4 d5 3. Nc3 dxe4 4. Nxe4 Nd7 5. Nf3 Ngf6 6. Nxf6+ Nxf6 7. Be2 c5
8. O-O cxd4 9. Qxd4 Qxd4 10. Nxd4 Bc5 11. Nb3 Bd6 12. Bf3 Rb8 13. Rd1 Bc7 14.
Be3 b6 15. Nd4 Bd7 16. a4 a5 17. Nb5 Be5 18. Nd6+ Ke7 19. Nc4 Bc7 20. b3 Rhd8
21. Bc1 Ne8 22. Ba3+ Kf6 23. Ne3 h5 24. Bxh5 Bc6 25. Be2 Kg6 26. Bd3+ f5 27.
Re1 Be5 28. Nxf5 Rxd3 29. Rxe5 Rc3 30. Nd4 Bd7 31. Bb2 Rcc8 32. c4 Nc7 33. Nf3
Ne8 34. Rae1 Rb7 35. R5e3 Rd8 36. Ne5+ Kh7 37. Rd3 Nf6 1-0

[Event "Groningen Chess Festival 2007"]
[Site "Groningen NED"]
[Date "2007.12.23"]
[Round "3.7"]
[White "Swinkels, Robin"]
[Black "Lobzhanidze, Davit"]
[Result "1/2-1/2"]
[PlyCount "79"]
[EventDate "2007.12.21"]
[EventType "swiss"]
[EventRounds "9"]
[EventCountry "NED"]
[Source "lmi"]
[SourceDate "2007.12.21"]
[WhiteElo "2433"]
[BlackElo "2489"]

1. e4 c6 2. d4 d5 3. Nc3 dxe4 4. Nxe4 Bf5 5. Ng3 Bg6 6. h4 h6 7. Nf3 Nd7 8. h5
Bh7 9. Bd3 Bxd3 10. Qxd3 e6 11. Bf4 Qa5+ 12. Bd2 Bb4 13. c3 Be7 14. c4 Qc7 15.
O-O-O Ngf6 16. Rhe1 O-O-O 17. Qe2 Rhe8 18. Kb1 c5 19. Ne5 Nxe5 20. dxe5 Nd7 21.
Bc3 Nb8 22. Qf3 Rxd1+ 23. Rxd1 Rd8 24. Rxd8+ Qxd8 25. b3 Qg8 26. Kb2 g6 27. Ne4
gxh5 28. Qxh5 Qg6 29. Qf3 h5 30. g3 Qf5 31. Qe3 b6 32. Nd2 h4 33. gxh4 Bxh4 34.
f4 Nc6 35. Qf3 Kc7 36. Ne4 Be7 37. Ng3 Qh3 38. Qd3 Qg2+ 39. Ne2 Qg6 40. Qe3
1/2-1/2

[Event "Groningen Chess Festival 2007"]
[Site "Groningen NED"]
[Date "2007.12.23"]
[Round "3.8"]
[White "Clemens, Adrian HP"]
[Black "Hoffmann, Michael"]
[Result "0-1"]
[PlyCount "94"]
[EventDate "2007.12.21"]
[EventType "swiss"]
[EventRounds "9"]
[EventCountry "NED"]
[Source "lmi"]
[SourceDate "2007.12.21"]
[WhiteElo "2316"]
[BlackElo "2471"]

1. d4 Nf6 2. c4 e6 3. Nc3 Bb4 4. Qc2 c5 5. dxc5 O-O 6. a3 Bxc5 7. Nf3 Qc7 8.
Bg5 Be7 9. e4 d6 10. O-O-O a6 11. h4 Bd7 12. Kb1 Rc8 13. Rc1 Nc6 14. Bd3 Na5
15. Nd2 Qb8 16. e5 dxe5 17. Bxh7+ Nxh7 18. Bxe7 Nxc4 19. Nxc4 Rxc4 20. Qe2 b5
21. Rhd1 Qe8 22. Bd6 f6 23. h5 Bc6 24. g3 Ng5 25. Rd3 Rd8 26. Rcd1 e4 27. Rd4
Rxd4 28. Rxd4 Nf3 29. Rd1 Qxh5 30. Bf4 Rxd1+ 31. Qxd1 Qe8 32. Qd6 Qd7 33. Qb8+
Kh7 34. Qb6 Qd3+ 35. Ka1 Bd5 36. Nxd5 Qd1+ 37. Ka2 Qxd5+ 38. Ka1 e5 39. Be3
Qd1+ 40. Ka2 Qd5+ 41. Ka1 Nd4 42. Qxa6 Nc2+ 43. Kb1 Qd1+ 44. Ka2 b4 45. Qb7 b3+
46. Kxb3 Nxe3+ 47. Kb4 Qd4+ 0-1

[Event "Groningen Chess Festival 2007"]
[Site "Groningen NED"]
[Date "2007.12.23"]
[Round "3.9"]
[White "Ringoir, Tanguy"]
[Black "Spoelman, Wouter"]
[Result "1/2-1/2"]
[PlyCount "96"]
[EventDate "2007.12.21"]
[EventType "swiss"]
[EventRounds "9"]
[EventCountry "NED"]
[Source "lmi"]
[SourceDate "2007.12.21"]
[WhiteElo "2236"]
[BlackElo "2445"]

1. e4 e5 2. Nf3 Nc6 3. Bb5 a6 4. Ba4 Nf6 5. O-O Be7 6. Re1 b5 7. Bb3 d6 8. c3
O-O 9. h3 Na5 10. Bc2 c5 11. d4 Nd7 12. Nbd2 cxd4 13. cxd4 Nc6 14. Nf1 exd4 15.
Nxd4 Nxd4 16. Qxd4 Ne5 17. Qd1 Bf6 18. Ne3 Nc4 19. Nxc4 bxc4 20. Rb1 Be6 21.
Be3 Rb8 22. Bd4 Be5 23. Qd2 Qf6 24. Red1 h6 25. Ba4 Qg6 26. Qe3 Rb4 27. Bc2 Qg5
28. Qxg5 hxg5 29. Bc3 Rb6 30. Kf1 Rfb8 31. Ke2 Kf8 32. Kd2 Bf4+ 33. Ke2 Be5 34.
Kd2 Bf4+ 35. Ke2 Ke7 36. Rh1 f6 37. Ke1 R6b7 38. Ke2 Rb6 39. Bd4 R6b7 40. Bc3
Kf7 41. Rhd1 Be5 42. Kd2 Bf4+ 43. Ke2 Ke7 44. Rh1 Kf8 45. Rhd1 Kf7 46. Re1 Be5
47. Kd2 Bf4+ 48. Ke2 Be5 1/2-1/2

[Event "Groningen Chess Festival 2007"]
[Site "Groningen NED"]
[Date "2007.12.23"]
[Round "3.10"]
[White "Rotstein, Arkadij"]
[Black "Michielsen, Joost"]
[Result "1/2-1/2"]
[PlyCount "136"]
[EventDate "2007.12.21"]
[EventType "swiss"]
[EventRounds "9"]
[EventCountry "NED"]
[Source "lmi"]
[SourceDate "2007.12.21"]
[WhiteElo "2534"]
[BlackElo "2309"]

1. d4 d5 2. Nf3 Nf6 3. c4 c6 4. e3 Bg4 5. h3 Bxf3 6. Qxf3 e6 7. Nc3 Nbd7 8. Bd2
Bd6 9. O-O-O O-O 10. Kb1 dxc4 11. Bxc4 e5 12. Bb3 Nb6 13. Ne4 Nxe4 14. Qxe4
exd4 15. Qxd4 Be7 16. Qe4 Qd6 17. Bc2 g6 18. h4 Rfe8 19. h5 Bf6 20. Qf3 Qe6 21.
hxg6 hxg6 22. e4 Rad8 23. Bc3 Rxd1+ 24. Rxd1 Bxc3 25. Qxc3 Qe5 26. Qd3 Qf6 27.
f3 c5 28. Qb5 Rc8 29. a4 Qc6 30. Qxc6 Rxc6 31. b3 Rc7 32. Kb2 Kf8 33. Kc3 Ke7
34. f4 Nd7 35. e5 g5 36. g3 gxf4 37. gxf4 f6 38. exf6+ Nxf6 39. Kc4 Rc6 40.
Re1+ Kd8 41. Bf5 Nh5 42. Rd1+ Kc7 43. Rd7+ Kb8 44. Rf7 Nxf4 45. Rf8+ Kc7 46.
Be4 Ng6 47. Rf5 Re6 48. Rxc5+ Kb8 49. Bf5 Rc6 50. Rxc6 Ne5+ 51. Kc5 Nxc6 52.
Be4 Nd8 53. Kd6 Nf7+ 54. Ke7 Ng5 55. Bg2 Kc7 56. Kf6 Nh7+ 57. Kf7 Ng5+ 58. Ke7
Nh7 59. Bd5 Ng5 60. Kf6 Nh7+ 61. Kg7 Ng5 62. Kg6 Nh3 63. Kf5 a6 64. Bc4 b5 65.
axb5 axb5 66. Bxb5 Kb6 67. Bd3 Kc5 68. Bc2 Kb4 1/2-1/2

[Event "Groningen Chess Festival 2007"]
[Site "Groningen NED"]
[Date "2007.12.23"]
[Round "3.11"]
[White "Pel, Bonno"]
[Black "Reinderman, Dimitri"]
[Result "0-1"]
[PlyCount "62"]
[EventDate "2007.12.21"]
[EventType "swiss"]
[EventRounds "9"]
[EventCountry "NED"]
[Source "lmi"]
[SourceDate "2007.12.21"]
[WhiteElo "2280"]
[BlackElo "2510"]

1. Nc3 c5 2. g3 d5 3. Bg2 d4 4. Ne4 e5 5. d3 Qa5+ 6. Nd2 Nc6 7. Ngf3 Nf6 8. O-O
Be7 9. c3 dxc3 10. Nc4 Qc7 11. bxc3 O-O 12. e4 Rd8 13. Qe2 b5 14. Ne3 Ba6 15.
Nd5 Nxd5 16. exd5 Rxd5 17. Nd4 Rxd4 18. Bxc6 Qxc6 19. cxd4 cxd4 20. Qxe5 Bb4
21. Bb2 Bc3 22. Bxc3 dxc3 23. Rac1 b4 24. a3 Bb7 25. f3 Qb6+ 26. Kg2 a5 27.
Rfe1 h6 28. Re2 Rd8 29. Qf4 b3 30. Rxc3 b2 31. Rc7 Bd5 0-1

[Event "Groningen Chess Festival 2007"]
[Site "Groningen NED"]
[Date "2007.12.23"]
[Round "3.14"]
[White "Van den Berg, Harmen"]
[Black "Van Oosterom, Chiel"]
[Result "1-0"]
[PlyCount "81"]
[EventDate "2007.12.21"]
[EventType "swiss"]
[EventRounds "9"]
[EventCountry "NED"]
[Source "lmi"]
[SourceDate "2007.12.21"]
[WhiteElo "2167"]
[BlackElo "2401"]

1. e4 c5 2. Nf3 d6 3. d4 cxd4 4. Nxd4 Nf6 5. Nc3 a6 6. Qf3 Nc6 7. Nxc6 bxc6 8.
Bg5 e5 9. Bc4 Be7 10. h4 O-O 11. Qg3 Be6 12. Bb3 Qd7 13. h5 a5 14. h6 g6 15.
Qh4 Qd8 16. O-O-O Ra7 17. Ba4 Rc7 18. f4 exf4 19. e5 Ng4 20. Bxe7 Rxe7 21. Rxd6
Rd7 22. Rxe6 Qxh4 23. Rxh4 fxe6 24. Rxg4 f3 25. gxf3 Rxf3 26. Rg1 Rdf7 27. Ne4
Rf1+ 28. Rxf1 Rxf1+ 29. Kd2 Rf5 30. Nf6+ Kf7 31. Nxh7 Rxe5 32. Bxc6 Rf5 33. Ke3
Rc5 34. Be4 Rh5 35. c4 Rxh6 36. Ng5+ Kf6 37. Nf3 g5 38. c5 g4 39. c6 Rh8 40.
Nd4 Ke5 41. c7 1-0